Inflácia - teoretický a praktický problém

Inflácia a pojmy, ktoré s ňou súvisia - dezinflácia a deflácia. Názory ekonómov na infláciu. Definície deflácie. Deflácia ako veľmi nebezpečný a drastický nástroj menovej politiky. Deflácia súvisí s depresiou a pokles cien je sprevádzaný rastom nezamestnanosti. Dlhodobé deflácie. Japonská deflácia.

Gespeichert in:
Bibliographische Detailangaben
1. Verfasser: Táncošová, Judita
Format: Buchkapitel
Sprache:Slowakisch
Schlagworte:
Tags: Tag hinzufügen
Keine Tags, Fügen Sie das erste Tag hinzu!

MARC

LEADER 00000naa$a2200000$$$4500
001 0045278
005 20240502071525.8
041 0 |a slo 
044 |a SK 
245 1 0 |a Inflácia - teoretický a praktický problém  |c Judita Táncošová 
520 |a Inflácia a pojmy, ktoré s ňou súvisia - dezinflácia a deflácia. Názory ekonómov na infláciu. Definície deflácie. Deflácia ako veľmi nebezpečný a drastický nástroj menovej politiky. Deflácia súvisí s depresiou a pokles cien je sprevádzaný rastom nezamestnanosti. Dlhodobé deflácie. Japonská deflácia. 
610 2 0 |a inflácia 
610 2 0 |a inflácia čistá 
610 2 0 |a inflácia jadrová 
610 2 0 |a dezinflácia 
610 2 0 |a deflácia 
610 2 0 |a definície 
610 2 0 |a teória a prax 
610 2 0 |a teória inflácie 
100 1 |a Táncošová, Judita